Canzoni di Olly - Statistics

Statistiche generali
  • Questo quiz è stato fatto 133 volte
  • Il punteggio medio è 24 su 50
Statistiche sulle risposte
Album Anno Feat Risposta % Corretto
- 2025 Juli Balorda nostalgia
91%
TUTTA VITA 2024 Juli, Angelina Mango Per due come noi
84%
- 2025 Juli Questa domenica
79%
TUTTA VITA 2024 Juli Scarabocchi
78%
TUTTA VITA 2024 Juli Devastante
77%
TUTTA VITA 2024 Juli Quei ricordi là
76%
- 2025 Juli Depresso fortunato
74%
Gira, il mondo gira 2023 Juli Menomale che c'è il mare
73%
Gira, il mondo gira 2023 Juli Bianca
70%
TUTTA VITA 2024 Juli I cantieri del Giappone
70%
Gira, il mondo gira 2023 Juli, Lorella Cuccarini La Notte Vola - RMX
70%
TUTTA VITA 2024 Juli E' festa
67%
TUTTA VITA 2024 Juli A squarciagola
64%
TUTTA VITA 2024 Juli La lavatrice si è rotta
64%
Il Mondo Gira 2022 Juli L'anima balla
64%
Gira, il mondo gira 2023 Juli Polvere
64%
Io Sono 2020 Yanomi Paranoie
63%
TUTTA VITA 2024 Juli A noi non serve far l'amore
60%
TUTTA VITA 2024 Juli Il campione
60%
TUTTA VITA 2024 Juli Noi che
59%
Il Mondo Gira 2022 Juli Ho un amico
57%
Il Mondo Gira 2022 Juli L'amore va
53%
TUTTA VITA 2024 Juli, Juli Sopra la stessa barca
53%
Il Mondo Gira 2022 Juli Una Vita
52%
Il Mondo Gira 2022 Juli Fammi morire
51%
Gira, il mondo gira 2023 Juli Tutto con te
51%
Il Mondo Gira 2022 Juli Un'altra volta
50%
Il Mondo Gira 2022 Juli Canto alla luna
46%
- 2019 Yanomi Il primo amore
46%
Gira, il mondo gira 2023 Juli Tutto male
38%
CRY4U 2018 Yanomi CRY4U
37%
- 2021 Juli Lego
37%
Io Sono 2020 Juli Quando Piove
35%
- 2019 Alfa Best Seller
34%
Io Sono 2020 Yanomi Mai E Poi Mai
34%
- 2021 Juli Hai fatto bene
32%
- 2020 Yanomi Non Mi Va
30%
Io Sono 2020 Yanomi Winston Blue
30%
Io Sono 2020 Juli Intro - (Lasciare o Tenere)
28%
- 2018 Yanomi Bla-Bla Car
27%
Io Sono 2020 Juli Vedo Tutto Nero
27%
Io Sono 2020 Yanomi, Joe Viegas Brutta Cera
26%
CRY4U 2018 K.P. Pelle d'oca
25%
CRY4U 2018 Yanomi Fristail Freestyle
23%
CRY4U 2018 Yanomi Riconoscenza
23%
CRY4U 2018 Yanomi Stella cadente
21%
- 2022 Joe Viegas, Juli Scuba Diving
20%
- 2019 - Bevi
18%
- 2019 Yanomi Dimmi quando
17%
- 2021 Juli Se Ti Calm
17%
Nessun quiz corrispondente trovato
Distribuzione punteggi
Percentuale di utenti per punteggio
Percentile per numero di risposta
I tuoi punteggi nel tempo
Non hai fatto questo quiz